[Event "CZE-chT2C 1617"]
[Site "Czech Republic"]
[Date "2016.11.27"]
[Round "4.4"]
[White "Skalicky, Tomas"]
[Black "Vojta, Pavel"]
[Result "1/2-1/2"]
[WhiteElo "2162"]
[BlackElo "2181"]
[PlyCount "82"]
[EventDate "2016.10.09"]
[EventType "team-tourn"]
[EventRounds "11"]
[EventCountry "CZE"]
[SourceTitle "EXT 2022"]
[Source "ChessBase"]
[SourceDate "2021.10.06"]
[SourceVersion "1"]
[SourceVersionDate "2021.10.06"]
[SourceQuality "1"]
[WhiteTeam "Ricany"]
[BlackTeam "Vlasim"]
[WhiteTeamCountry "CZE"]
[BlackTeamCountry "CZE"]

1. d4 Nf6 2. Nf3 e6 3. c4 d5 4. Nc3 Be7 5. Bf4 0-0 6. e3 a6 7. Bd3 c5 8. 0-0 dxc4 9. Bxc4 b5 10. Be2 Bb7 11. dxc5 Bxc5 12. Ne5 Nbd7 13. Nxd7 Qxd7 14. Qxd7 Nxd7 15. Rfd1 Nf6 16. Bd6 Rfc8 17. Bxc5 Rxc5 18. a3 Rac8 19. Rd2 g6 20. Rad1 Nd5 21. Nxd5 Bxd5 22. b4 Rc2 23. Kf1 Rxd2 24. Rxd2 Rc3 25. Rd3 Rc2 26. g3 Kg7 27. Ke1 Ra2 28. Rc3 Kf6 29. h4 h6 30. Bd1 Ke5 31. Bc2 f5 32. Bd1 g5 33. hxg5 hxg5 34. f4+ Kf6 35. g4 fxg4 36. Bxg4 Rg2 37. fxg5+ Kxg5 38. Be2 Rg1+ 39. Kf2 Ra1 40. Bf3 Ra2+ 41. Kg3 Bxf3 1/2-1/2

[Event "CZE-chT1W 1516"]
[Site "Czech Republic"]
[Date "2015.10.11"]
[Round "1.7"]
[White "Vojta, Pavel"]
[Black "Bargel, Martin"]
[Result "0-1"]
[WhiteElo "2225"]
[BlackElo "2119"]
[PlyCount "78"]
[EventDate "2015.10.11"]
[EventType "team-tourn"]
[EventRounds "11"]
[EventCountry "CZE"]
[SourceTitle "CBM 169 Extra"]
[Source "ChessBase"]
[SourceDate "2015.12.18"]
[SourceVersion "1"]
[SourceVersionDate "2015.12.18"]
[SourceQuality "1"]
[WhiteTeam "Vlasim"]
[BlackTeam "Neratovice"]
[WhiteTeamCountry "CZE"]
[BlackTeamCountry "CZE"]

1. d4 Nf6 2. Nf3 d5 3. c4 c5 4. Nc3 cxd4 5. Nxd5 Nxd5 6. cxd5 Qa5+ 7. Qd2 Qxd5 8. Qxd4 Qxd4 9. Nxd4 e5 10. Nb5 Bb4+ 11. Bd2 Bxd2+ 12. Kxd2 Na6 13. e4 Be6 14. Nd6+ Ke7 15. Nxb7 Nb4 16. a3 Nc6 17. Rc1 Rhc8 18. Ba6 Rc7 19. Na5 Rd7+ 20. Ke3 Nxa5 21. Rc5 Nb3 22. Rxe5 Rb8 23. Bc4 Kf6 24. Bxe6 fxe6 25. f4 Rd2 26. g4 Rbd8 27. g5+ Kf7 28. f5 R8d3+ 29. Kf4 Rf2+ 30. Kg4 Nd4 31. Rc5 e5 32. Rc7+ Kf8 33. Rc3 Rf4+ 34. Kh5 Rxc3 35. bxc3 Nf3 36. h4 Rxe4 37. Rh3 Rf4 38. c4 e4 39. c5 e3 0-1

[Event "CZE-chT1W 1415"]
[Site "Czech Republic"]
[Date "2015.02.15"]
[Round "8.7"]
[White "Blazek, Jiri"]
[Black "Vojta, Pavel"]
[Result "1/2-1/2"]
[WhiteElo "2182"]
[BlackElo "2203"]
[PlyCount "99"]
[EventDate "2014.10.19"]
[EventType "team-tourn"]
[EventRounds "11"]
[EventCountry "CZE"]
[SourceTitle "EXT 2016"]
[Source "ChessBase"]
[SourceDate "2015.10.08"]
[SourceVersion "1"]
[SourceVersionDate "2015.10.08"]
[SourceQuality "1"]
[WhiteTeam "Ceske Budejovice"]
[BlackTeam "Vlasim"]
[WhiteTeamCountry "CZE"]
[BlackTeamCountry "CZE"]

1. d4 Nf6 2. c4 e6 3. Nc3 d5 4. cxd5 exd5 5. Bg5 Be7 6. e3 0-0 7. Bd3 h6 8. Bh4 b6 9. Nf3 Bb7 10. 0-0 Ne4 11. Bxe7 Qxe7 12. Rc1 Nd7 13. Re1 Rfd8 14. Bf1 c5 15. dxc5 Nxc3 16. Rxc3 bxc5 17. Qb3 Rab8 18. Qa3 Ba8 19. Nd4 Qf6 20. Nb3 d4 21. exd4 cxd4 22. Rg3 Ne5 23. Qxa7 Rbc8 24. Qa5 Rd5 25. Qa6 Qxa6 26. Bxa6 Rcd8 27. Rd1 Bc6 28. f4 Nd7 29. Bc4 Rd6 30. Rxd4 Rxd4 31. Nxd4 Be4 32. Re3 Nf6 33. Nf3 Rd1+ 34. Ne1 Kf8 35. h3 Bd5 36. Bxd5 Nxd5 37. Re4 Rd2 38. Nf3 Rxb2 39. a4 Ra2 40. Ne5 Nc3 41. Nd7+ Kg8 42. Re8+ Kh7 43. f5 h5 44. h4 g6 45. f6 Rxa4 46. g3 Ra7 47. Re7 Kg8 48. Re8+ Kh7 49. Re7 Kg8 50. Re8+ 1/2-1/2

[Event "CZE-chT2C 1415"]
[Site "Czech Republic"]
[Date "2015.01.25"]
[Round "6.4"]
[White "Vojta, Pavel"]
[Black "Malek, Martin"]
[Result "1-0"]
[WhiteElo "2203"]
[BlackElo "2050"]
[PlyCount "45"]
[EventDate "2014.11.02"]
[EventType "team-tourn"]
[EventRounds "11"]
[EventCountry "CZE"]
[SourceTitle "EXT 2022"]
[Source "ChessBase"]
[SourceDate "2021.10.06"]
[SourceVersion "1"]
[SourceVersionDate "2021.10.06"]
[SourceQuality "1"]
[WhiteTeam "Dolni Kralovice"]
[BlackTeam "Praha Kobylisy II"]
[WhiteTeamCountry "CZE"]
[BlackTeamCountry "CZE"]

1. d4 g6 2. Nf3 Bg7 3. g3 f5 4. Bg2 Nf6 5. c3 0-0 6. Qb3+ d5 7. Bf4 e6 8. Nbd2 Ne4 9. h4 h6 10. Nxe4 fxe4 11. Ne5 Kh7 12. 0-0-0 Nc6 13. f3 Nxe5 14. dxe5 exf3 15. Bxf3 Bd7 16. Qc2 c5 17. h5 Be8 18. Be4 dxe4 19. Rxd8 Rxd8 20. Qxe4 Rf5 21. hxg6+ Bxg6 22. Qxb7 Rf7 23. Qc6 1-0

[Event "CZE-chT2C 1415"]
[Site "Czech Republic"]
[Date "2015.01.11"]
[Round "5.4"]
[White "Sharashenidze, Akaki"]
[Black "Vojta, Pavel"]
[Result "1/2-1/2"]
[WhiteElo "2306"]
[BlackElo "2203"]
[PlyCount "86"]
[EventDate "2014.11.02"]
[EventType "team-tourn"]
[EventRounds "11"]
[EventCountry "CZE"]
[SourceTitle "EXT 2022"]
[Source "ChessBase"]
[SourceDate "2021.10.06"]
[SourceVersion "1"]
[SourceVersionDate "2021.10.06"]
[SourceQuality "1"]
[WhiteTeam "Praha Grop"]
[BlackTeam "Dolni Kralovice"]
[WhiteTeamCountry "CZE"]
[BlackTeamCountry "CZE"]

1. Nf3 Nf6 2. g3 d5 3. Bg2 c6 4. 0-0 g6 5. b3 Bg7 6. Bb2 0-0 7. d3 Nbd7 8. Nbd2 Re8 9. c4 e5 10. cxd5 Nxd5 11. Nc4 e4 12. dxe4 Bxb2 13. Nxb2 Rxe4 14. e3 N7b6 15. Nc4 Bg4 16. Nxb6 Nxb6 17. h3 Bxf3 18. Bxf3 Re8 19. h4 Qf6 20. Qe2 Rad8 21. Rfd1 Nd5 22. Bxd5 Rxd5 23. Rxd5 Qxa1+ 24. Rd1 Qf6 25. Qd2 Kg7 26. Qd7 Re7 27. Qc8 Qe6 28. Qb8 a6 29. h5 Rd7 30. Rxd7 Qxd7 31. Qe5+ f6 32. h6+ Kf7 33. Qb8 g5 34. e4 Kg6 35. Qf8 Qf7 36. Qd6 Qe8 37. Qc7 Kxh6 38. Qxb7 Qxe4 39. Qxa6 Qb1+ 40. Kh2 Qc2 41. Kg1 Qb1+ 42. Kh2 Qc2 43. Kg1 Qb1+ 1/2-1/2

[Event "Ricany op-A"]
[Site "Ricany"]
[Date "2014.08.29"]
[Round "8"]
[White "Vojta, Pavel"]
[Black "Tejkal, Jiri"]
[Result "1-0"]
[WhiteElo "2225"]
[BlackElo "1941"]
[PlyCount "133"]
[EventDate "2014.08.23"]
[EventType "swiss"]
[EventRounds "9"]
[EventCountry "CZE"]
[SourceTitle "EXT 2015"]
[Source "ChessBase"]
[SourceDate "2014.11.20"]
[SourceVersion "1"]
[SourceVersionDate "2014.11.20"]
[SourceQuality "1"]

1. d4 d5 2. Nf3 Nf6 3. c4 c6 4. e3 e6 5. Nc3 Nbd7 6. Bd3 Bd6 7. 0-0 0-0 8. e4 dxe4 9. Nxe4 Nxe4 10. Bxe4 f5 11. Bc2 c5 12. Re1 Nf6 13. dxc5 Bxc5 14. Qxd8 Rxd8 15. Be3 Be7 16. Rad1 b6 17. h3 h6 18. Bd4 Bb4 19. Re2 Ne4 20. a3 Be7 21. Bxe4 fxe4 22. Ne5 Bb7 23. Red2 Bg5 24. Be3 Bf6 25. Ng4 Be7 26. b4 Rxd2 27. Rxd2 Rd8 28. Rxd8+ Bxd8 29. c5 Bc7 30. Bd4 bxc5 31. Bxc5 a6 32. Ne3 Kf7 33. Kf1 Bf4 34. Nc2 e5 35. Be3 Ke6 36. g3 Bxe3 37. Nxe3 h5 38. h4 g6 39. Ke2 Kd6 40. Kd2 Bc6 41. Kc3 Ba4 42. Nc4+ Ke6 43. Kd2 Bb5 44. Kc3 Kd5 45. Ne3+ Kc6 46. Kb3 Be2 47. a4 Bd3 48. Kc3 Be2 49. Nc4 Kd5 50. Nb6+ Kc6 51. Nc8 Kd7 52. Na7 Kc7 53. b5 axb5 54. Nxb5+ Kc6 55. Kb4 Kb6 56. Nd6 Bd3 57. Nc4+ Kc7 58. Nxe5 Bc2 59. a5 Kd6 60. a6 e3 61. Nc4+ Ke6 62. Nxe3 Be4 63. Kc5 Ke5 64. Nc4+ Ke6 65. a7 Ba8 66. Kd4 Kf5 67. Nb6 1-0

[Event "Ricany op-A"]
[Site "Ricany"]
[Date "2014.08.28"]
[Round "7"]
[White "Koper, Stefan"]
[Black "Vojta, Pavel"]
[Result "0-1"]
[WhiteElo "1954"]
[BlackElo "2225"]
[PlyCount "60"]
[EventDate "2014.08.23"]
[EventType "swiss"]
[EventRounds "9"]
[EventCountry "CZE"]
[SourceTitle "EXT 2015"]
[Source "ChessBase"]
[SourceDate "2014.11.20"]
[SourceVersion "1"]
[SourceVersionDate "2014.11.20"]
[SourceQuality "1"]

1. d4 Nf6 2. c4 e6 3. Nf3 d5 4. cxd5 exd5 5. Nc3 c6 6. e3 Bf5 7. Bd3 Bxd3 8. Qxd3 Bb4 9. a3 Bxc3+ 10. bxc3 0-0 11. 0-0 Nbd7 12. a4 Re8 13. c4 dxc4 14. Qxc4 Qa5 15. Bd2 Qh5 16. a5 Re6 17. Qb3 Rb8 18. Rfc1 Ne4 19. Be1 Rg6 20. Qd1 Qg4 21. g3 Rh6 22. h4 Qh3 23. Qd3 Ndf6 24. Qf1 Qf5 25. Qg2 Ng4 26. Nh2 Nxh2 27. Qxh2 Ng5 28. Qg2 Nf3+ 29. Kh1 Qg4 30. Bb4 Rxh4+ 0-1

[Event "Ricany op-A"]
[Site "Ricany"]
[Date "2014.08.27"]
[Round "6"]
[White "Vojta, Pavel"]
[Black "Matejovsky, Ondrej"]
[Result "1/2-1/2"]
[WhiteElo "2225"]
[BlackElo "2014"]
[PlyCount "77"]
[EventDate "2014.08.23"]
[EventType "swiss"]
[EventRounds "9"]
[EventCountry "CZE"]
[SourceTitle "EXT 2015"]
[Source "ChessBase"]
[SourceDate "2014.11.20"]
[SourceVersion "1"]
[SourceVersionDate "2014.11.20"]
[SourceQuality "1"]

1. d4 d5 2. Nf3 Nf6 3. c4 e6 4. Bg5 Be7 5. Nc3 0-0 6. e3 h6 7. Bh4 Nbd7 8. Rc1 b6 9. cxd5 exd5 10. Bb5 Bb7 11. 0-0 c6 12. Bd3 Ne4 13. Bxe7 Qxe7 14. Nd2 Nxc3 15. Rxc3 c5 16. dxc5 bxc5 17. Bf5 Nb6 18. Qc2 g6 19. Bh3 Bc8 20. Bxc8 Raxc8 21. Nf3 Rfd8 22. Rc1 Nd7 23. Qa4 Rc7 24. Qf4 Nf6 25. Qxh6 Ne4 26. R3c2 Qf6 27. Qh4 Qxh4 28. Nxh4 c4 29. Nf3 Nc5 30. Rd1 Rdd7 31. Ne5 Re7 32. Rxd5 Nd3 33. Rxc4 Nxe5 34. Rxc7 Rxc7 35. g3 f6 36. h3 Kf7 37. a4 Rb7 38. Ra5 Nc4 39. Ra6 1/2-1/2

[Event "CZE-chT2C 1213"]
[Site "Czech Republic"]
[Date "2013.03.03"]
[Round "10.2"]
[White "Moravec, Vit"]
[Black "Vojta, Pavel"]
[Result "1/2-1/2"]
[WhiteElo "2120"]
[BlackElo "2217"]
[PlyCount "34"]
[EventDate "2012.10.14"]
[EventType "team-tourn"]
[EventRounds "11"]
[EventCountry "CZE"]
[SourceTitle "EXT 2015"]
[Source "ChessBase"]
[SourceDate "2014.11.20"]
[SourceVersion "1"]
[SourceVersionDate "2014.11.20"]
[SourceQuality "1"]
[WhiteTeam "Kutna Hora"]
[BlackTeam "Vlasim"]
[WhiteTeamCountry "CZE"]
[BlackTeamCountry "CZE"]

1. e4 e6 2. d4 d5 3. Nc3 Nf6 4. Bg5 Be7 5. e5 Nfd7 6. Bxe7 Qxe7 7. f4 a6 8. Nf3 c5 9. Qd2 Nc6 10. dxc5 Qxc5 11. Ne2 b5 12. Ned4 Nb6 13. Nxc6 Qxc6 14. 0-0-0 Nc4 15. Bxc4 Qxc4 16. Kb1 0-0 17. Qe3 b4 1/2-1/2

[Event "CZE-chT rap"]
[Site "Pardubice"]
[Date "2012.07.13"]
[Round "2.3"]
[White "Vojta, Pavel"]
[Black "Belyakov, Bogdan"]
[Result "0-1"]
[WhiteElo "2221"]
[BlackElo "2375"]
[PlyCount "66"]
[EventDate "2012.07.12"]
[EventType "team-swiss"]
[EventRounds "7"]
[EventCountry "CZE"]
[SourceTitle "EXT 2013"]
[Source "ChessBase"]
[SourceDate "2012.11.22"]
[SourceVersion "1"]
[SourceVersionDate "2012.11.22"]
[SourceQuality "1"]

1. d4 Nf6 2. Nf3 g6 3. c4 Bg7 4. Nc3 0-0 5. g3 d6 6. Bg2 Nc6 7. 0-0 a6 8. h3 Rb8 9. e4 b5 10. cxb5 axb5 11. a3 b4 12. axb4 Nxb4 13. e5 Ne8 14. g4 c6 15. Bf4 Be6 16. Qd2 Nd5 17. Bg3 Qb6 18. Rfb1 Nxc3 19. Qxc3 Bd5 20. Nd2 Nc7 21. Nc4 Bxc4 22. Qxc4 d5 23. Qd3 Ne6 24. Ra6 Qxd4 25. Qc2 Rb6 26. Rxb6 Qxb6 27. Kh2 Bh6 28. Qa4 Rb8 29. f4 Qb4 30. Qxc6 Bxf4 31. Rf1 Bxg3+ 32. Kxg3 Qxb2 33. Qxd5 Rb5 0-1

[Event "Ricany op-A"]
[Site "Ricany"]
[Date "2011.08.22"]
[Round "4"]
[White "Vesselovsky, Serguei"]
[Black "Vojta, Pavel"]
[Result "1/2-1/2"]
[WhiteElo "2379"]
[BlackElo "2175"]
[PlyCount "43"]
[EventDate "2011.08.20"]
[EventType "swiss"]
[EventRounds "9"]
[EventCountry "CZE"]
[SourceTitle "CBM 144 Extra"]
[Source "ChessBase"]
[SourceDate "2011.10.28"]
[SourceVersion "1"]
[SourceVersionDate "2011.10.28"]
[SourceQuality "1"]

1. e4 g6 2. d4 Bg7 3. Nc3 c6 4. Nf3 Nf6 5. e5 Nd5 6. Nxd5 cxd5 7. Bf4 Qb6 8. Qc1 a5 9. c3 a4 10. Bd3 0-0 11. 0-0 Qc6 12. Re1 Na6 13. Qd2 Nc7 14. Rac1 Ne6 15. Bh6 d6 16. Bxg7 Kxg7 17. c4 dxc4 18. Bxc4 d5 19. Be2 Qb6 20. Rc3 Bd7 21. Rec1 Rac8 22. Rxc8 1/2-1/2

[Event "Ricany op-A"]
[Site "Ricany"]
[Date "2011.08.21"]
[Round "2"]
[White "Svitak, David"]
[Black "Vojta, Pavel"]
[Result "1/2-1/2"]
[WhiteElo "2015"]
[BlackElo "2175"]
[PlyCount "43"]
[EventDate "2011.08.20"]
[EventType "swiss"]
[EventRounds "9"]
[EventCountry "CZE"]
[SourceTitle "CBM 144 Extra"]
[Source "ChessBase"]
[SourceDate "2011.10.28"]
[SourceVersion "1"]
[SourceVersionDate "2011.10.28"]
[SourceQuality "1"]

1. e4 c5 2. Nf3 e6 3. d4 cxd4 4. Nxd4 a6 5. Nc3 Qc7 6. Be3 Nf6 7. Bd3 Be7 8. 0-0 0-0 9. f4 d6 10. g4 Nc6 11. g5 Nxd4 12. Bxd4 Nd7 13. Qh5 e5 14. Nd5 Qd8 15. fxe5 Nxe5 16. Bxe5 dxe5 17. h4 Be6 18. Bc4 Rc8 19. Bb3 Bxd5 20. Bxd5 Qb6+ 21. Kh1 g6 22. Qe2 1/2-1/2

[Event "Ricany op-A"]
[Site "Ricany"]
[Date "2011.08.21"]
[Round "3"]
[White "Vojta, Pavel"]
[Black "Popelka, Pavel"]
[Result "1-0"]
[WhiteElo "2175"]
[BlackElo "1984"]
[PlyCount "75"]
[EventDate "2011.08.20"]
[EventType "swiss"]
[EventRounds "9"]
[EventCountry "CZE"]
[SourceTitle "CBM 144 Extra"]
[Source "ChessBase"]
[SourceDate "2011.10.28"]
[SourceVersion "1"]
[SourceVersionDate "2011.10.28"]
[SourceQuality "1"]

1. d4 d5 2. Nf3 Nf6 3. c4 c6 4. Nc3 Bf5 5. e3 e6 6. Be2 Be7 7. 0-0 0-0 8. a3 Nbd7 9. b4 dxc4 10. Bxc4 Nb6 11. Bd3 Bxd3 12. Qxd3 Nfd5 13. e4 Nxc3 14. Qxc3 Bf6 15. Bf4 g6 16. Rad1 Qe7 17. Rfe1 Rfe8 18. Qb3 Qf8 19. a4 Rac8 20. a5 Nd7 21. e5 Be7 22. Rb1 a6 23. Nd2 h6 24. Ne4 Kh7 25. Bd2 f5 26. Qxe6 fxe4 27. Qxd7 Rcd8 28. Qxb7 Rxd4 29. Be3 Rc4 30. Qxa6 Rc2 31. Rec1 Ra8 32. Qb6 Rb8 33. Rxc2 Rxb6 34. axb6 Bg5 35. Rxc6 Bxe3 36. Rc7+ Kg8 37. fxe3 Qb8 38. Rbc1 1-0

[Event "CZE-chT2C 1011"]
[Site "Czech Republic"]
[Date "2011.03.27"]
[Round "10.4"]
[White "Vojta, Pavel"]
[Black "Brezmen, Pavel"]
[Result "1-0"]
[WhiteElo "2160"]
[BlackElo "2092"]
[PlyCount "67"]
[EventDate "2010.10.17"]
[EventType "team-tourn"]
[EventRounds "11"]
[EventCountry "CZE"]
[SourceTitle "EXT 2012"]
[Source "ChessBase"]
[SourceDate "2011.11.24"]
[SourceVersion "1"]
[SourceVersionDate "2011.11.24"]
[SourceQuality "1"]
[WhiteTeam "Vlasim"]
[BlackTeam "Kolin"]
[WhiteTeamCountry "CZE"]
[BlackTeamCountry "CZE"]

1. d4 Nf6 2. Nf3 e6 3. c4 b6 4. g3 Ba6 5. Qc2 Be7 6. Bg2 0-0 7. 0-0 c6 8. Rd1 d5 9. Nbd2 Nbd7 10. b3 Rc8 11. e4 Qc7 12. e5 Ne8 13. Bf1 Bb7 14. Bd3 g6 15. cxd5 cxd5 16. Qb1 a5 17. Nf1 Nb8 18. h4 Ba6 19. Bh6 Bxd3 20. Qxd3 Ng7 21. Rac1 Qb7 22. N1h2 Rxc1 23. Bxc1 Rc8 24. Ng4 Qc6 25. Nh6+ Kf8 26. Bg5 Nf5 27. Nxf5 gxf5 28. Rc1 Qd7 29. Bxe7+ Kxe7 30. Qd2 Rxc1+ 31. Qxc1 Qe8 32. Qg5+ Kd7 33. Qg7 f4 34. gxf4 1-0

[Event "CZE-chT2C 1011"]
[Site "Czech Republic"]
[Date "2011.01.09"]
[Round "5.4"]
[White "Vojta, Pavel"]
[Black "Lechtynsky, Jiri"]
[Result "1/2-1/2"]
[WhiteElo "2160"]
[BlackElo "2380"]
[PlyCount "37"]
[EventDate "2010.10.17"]
[EventType "team-tourn"]
[EventRounds "11"]
[EventCountry "CZE"]
[SourceTitle "EXT 2012"]
[Source "ChessBase"]
[SourceDate "2011.11.24"]
[SourceVersion "1"]
[SourceVersionDate "2011.11.24"]
[SourceQuality "1"]
[WhiteTeam "Vlasim"]
[BlackTeam "Jicin II"]
[WhiteTeamCountry "CZE"]
[BlackTeamCountry "CZE"]

1. d4 Nf6 2. Nf3 g6 3. Bf4 Bg7 4. Nbd2 0-0 5. e4 d6 6. h3 Nbd7 7. Bc4 e5 8. dxe5 dxe5 9. Be3 Qe7 10. c3 Nb6 11. Bb3 Be6 12. Bxe6 Qxe6 13. Qb3 Qe7 14. Qb5 Nbd7 15. 0-0 h6 16. Rfe1 Kh7 17. a4 a6 18. Qb4 Qxb4 19. cxb4 1/2-1/2

[Event "CZE-chT2C 1011"]
[Site "Czech Republic"]
[Date "2010.10.17"]
[Round "1.1"]
[White "Svoboda, Svatopluk"]
[Black "Vojta, Pavel"]
[Result "1-0"]
[WhiteElo "2279"]
[BlackElo "2160"]
[PlyCount "61"]
[EventDate "2010.10.17"]
[EventType "team-tourn"]
[EventRounds "11"]
[EventCountry "CZE"]
[SourceTitle "EXT 2012"]
[Source "ChessBase"]
[SourceDate "2011.11.24"]
[SourceVersion "1"]
[SourceVersionDate "2011.11.24"]
[SourceQuality "1"]
[WhiteTeam "Pankrac II"]
[BlackTeam "Vlasim"]
[WhiteTeamCountry "CZE"]
[BlackTeamCountry "CZE"]

1. e4 c5 2. Nf3 Nc6 3. Bb5 Nd4 4. Nxd4 cxd4 5. 0-0 e6 6. d3 a6 7. Ba4 b5 8. Bb3 Bb7 9. f4 Qb6 10. f5 Nf6 11. Bg5 Be7 12. Nd2 h6 13. Bh4 e5 14. a4 0-0 15. Qe2 Rae8 16. axb5 axb5 17. Bxf6 Bxf6 18. Qh5 Ra8 19. Rxa8 Bxa8 20. h4 Qd8 21. Ra1 d5 22. Ra7 Qb8 23. Ra6 dxe4 24. Rxf6 gxf6 25. Qg6+ Kh8 26. Qxh6+ Kg8 27. Qg6+ Kh8 28. Qxf6+ Kh7 29. Bxf7 Rxf7 30. Qxf7+ Kh8 31. f6 1-0

[Event "Ricany op"]
[Site "Ricany"]
[Date "2010.08.26"]
[Round "7"]
[White "Haman, Jakub"]
[Black "Vojta, Pavel"]
[Result "1-0"]
[WhiteElo "1968"]
[BlackElo "2161"]
[PlyCount "51"]
[EventDate "2010.08.21"]
[EventType "swiss"]
[EventRounds "9"]
[EventCountry "CZE"]
[SourceTitle "EXT 2022"]
[Source "ChessBase"]
[SourceDate "2021.10.06"]
[SourceVersion "1"]
[SourceVersionDate "2021.10.06"]
[SourceQuality "1"]

1. e4 e6 2. d4 d5 3. Nd2 c5 4. Ngf3 Nc6 5. exd5 Qxd5 6. Bc4 Qd8 7. dxc5 Bxc5 8. 0-0 Nf6 9. Qe2 0-0 10. Nb3 Bd6 11. Bg5 h6 12. Bh4 Be7 13. Rad1 Nd5 14. Bg3 Bf6 15. Bd3 Qb6 16. c4 Nde7 17. c5 Qb4 18. Rc1 Qa4 19. Nfd2 Nf5 20. Ne4 Be7 21. Bd6 Bxd6 22. cxd6 Nfd4 23. Nxd4 Qxd4 24. Rfd1 Qe5 25. Rc5 Qd4 26. Bc4 1-0